000 00414nam a2200145 a 4500
020 _a2852970716 :
040 _cDLC
082 0 0 _a307 SEL 1983 A018 Co.
100 2 _aMatras-Troubetzkoy, Jacqueline.
245 1 3 _aUn village en forĂȘt :
_bl'essartage chez les Brou du Cambodge /
260 _aParis :
_bSELAF,
_c1983.
300 _a429 p. :
_bill. ;
_c24 cm.
650 0 _aBru (Southeast Asian people)
942 _cFB
999 _c12123
_d12123